000 00416nam a22001217a 4500
999 _c5524
_d5524
008 250926b ||||| |||| 00| 0 eng d
020 _a9781534443112
082 _a823.92 ELP
100 _aELPHINSTONE,ABI
_eAUTHOR
_lENGLISH
245 _aTHE UNMAPPED CHRONICLES
260 _a1230 AVENUE OF THE AMERICAS,NEW YORK,NEW YORK 10020
_bALDIIN,AN IMPRINT OF SIMON & SCHUSTER CHILDREN'S PUBLISHING DIVISION
_c2020
942 _2ddc